Animals With the Most Rabies Cases in the US - Statistics

General Stats
  • This quiz has been taken 881 times
  • The average score is 5 of 7
Answer Stats
% of Total Animal % Correct
1.4 dog
98%
6.2 cat
95%
28.6 raccoon
75%
32.2 bat
62%
7.0 fox
53%
21.1 skunk
35%
0.8 cattle
32%
No matching quizzes found
Score Distribution
Percent of People with Each Score
Percentile by Number Answered
Your Score History
You have not taken this quiz